000 00494nam a22002177a 4500
003 UA-OsUOA
001 39129
007 ta
008 20060608b un ||||| |||| 00| 0 ukr d
100 _aІльєнко Людмила
090 _a32
_bІ11
942 _cSA
040 _aUA-OsUOA
_bukr
_cUA-OsUOA
_dUA-OsUOA
245 _aМовна війна триває
300 _a3 с.
955 _a0
041 _aukr
080 _a32
773 0 _w39126
650 7 _a32 Політика
_2UDC
999 _c325277
_d325277